Word Scramble- Days of the Week - Statistics

General Stats
  • This quiz has been taken 88 times
  • The average score is 6 of 7
Answer Stats
Scramble Day % Correct
Dyausn Sunday
95%
Etadyus Tuesday
95%
Nwedyase Wednesday
94%
Aynomd Monday
92%
Rifady Friday
90%
Uhtsryda Thursday
89%
Tarusady Saturday
87%
No matching quizzes found
Score Distribution
Percent of People with Each Score
Percentile by Number Answered
Your Score History
You have not taken this quiz